Country + Capital Fewest Letters Quiz Stats

 Plays Quiz Updated Oct 17, 2020

     
Support Sporcle.
Go Orange.
Score 0/46 Timer 11:00
5 Plays Today
Number of letters (Capital + Country) Capital, Country % Correct
11 (5 + 6)Paris, France
83.7%
8 (4 + 4)Lima, Peru
82.2%
9 (4 + 5)Rome, Italy
81.1%
10 (5 + 5)Tokyo, Japan
77.4%
11 (6 + 5)Madrid, Spain
77%
10 (4 + 6)Oslo, Norway
75.6%
10 (5 + 5)Cairo, Egypt
70.9%
12 (6 + 6)Moscow, Russia
69.9%
12 (7 + 5)Beijing, China
64.6%
12 (6 + 6)Athens, Greece
62.4%
10 (6 + 4)Havana, Cuba
60.4%
10 (6 + 4)Tehran, Iran
59.8%
11 (7 + 4)Baghdad, Iraq
56.7%
12 (6 + 6)Ottawa, Canada
54.9%
10 (4 + 6)Riga, Latvia
53.4%
12 (6 + 6)Warsaw, Poland
51.4%
11 (4 + 7)Kyiv, Ukraine
50.5%
12 (5 + 7)Tunis, Tunisia
45.2%
10 (6 + 4)Muscat, Oman
43.5%
8 (4 + 4)Suva, Fiji
43.4%
12 (6 + 6)Ankara, Turkey
43.4%
8 (4 + 4)Lome, Togo
42%
9 (4 + 5)Doha, Qatar
41.4%
Number of letters (Capital + Country) Capital, Country % Correct
10 (5 + 5)Sanaa, Yemen
41.4%
11 (5 + 6)Amman, Jordan
40.8%
12 (5 + 7)Quito, Ecuador
40.4%
10 (5 + 5)Accra, Ghana
40.1%
12 (6 + 6)Monaco, Monaco
39.5%
12 (5 + 7)Minsk, Belarus
39.5%
12 (7 + 5)Tripoli, Libya
38.5%
12 (7 + 5)Nairobi, Kenya
36.3%
12 (6 + 6)Taipei, Taiwan
36.2%
12 (5 + 7)Hanoi, Vietnam
35.1%
12 (5 + 7)Rabat, Morocco
34.7%
9 (4 + 5)Apia, Samoa
33.7%
12 (5 + 7)La Paz, Bolivia
33.3%
10 (6 + 4)Bamako, Mali
32.2%
10 (5 + 5)Yaren, Nauru
31.1%
12 (4 + 8)Male, Maldives
30.5%
12 (5 + 7)Dakar, Senegal
29.5%
11 (6 + 5)Niamey, Niger
28.7%
12 (5 + 7)Abuja, Nigeria
27.9%
12 (6 + 6)Luanda, Angola
27.9%
12 (8 + 4)N'Djamena, Chad
25.5%
12 (6 + 6)Kigali, Rwanda
25.4%
12 (6 + 6)Lusaka, Zambia
24.6%

From the Vault

Sink or Swim Logic Puzzle

by Buckler

Basking in the sun is not an option in the world of logic puzzles.
Remove Ads.
Support Sporcle.
Get the best of Sporcle when you Go Orange. This ad-free experience offers more features, more stats, and more fun while also helping to support Sporcle. Thank you for becoming a member.

Show Comments

Extras

Top Quizzes Today


Score Distribution

Your Account Isn't Verified!

In order to create a playlist on Sporcle, you need to verify the email address you used during registration. Go to your Sporcle Settings to finish the process.

Report this User

Report this user for behavior that violates our Community Guidelines.

Details: